000 00266nam a22001217a 4500
008 181024b xxu||||| |||| 00| 0 eng d
041 _aeng
080 _a330.722
100 _a65
101 _aMAN
245 _aManagerial Accouting
_cWestern.K
942 _2udc
_cBK
999 _c50877
_d50877